000 00713nam a22002297a 4500
003 UA-OsUOA
001 87499
007 ta
008 20120919b un ||||| |||| 00| 0 ukr d
100 _aГнатик Я.Б.
700 _aМаслій В.В.
090 _a330(477)
_bГ56
942 _cSA
040 _aUA-OsUOA
_bukr
_cUA-OsUOA
_dUA-OsUOA
245 _aОсновні тенденції у сфері інституціоналізації міжнародних фінансових ринків
300 _aС.41-47
955 _a0
041 _aukr
080 _a330(477)
773 0 _w87492
_tСтатистика України
_dК.
_d2012
_g2
650 7 _a330 Економіка взагалі
_2UDC
999 _c373829
_d373829